000 01182nam a2200217Ia 4500
999 _c43694
_d43694
001 10434
003 GE_BSU
005 20221215155948.0
008 181216s1980ge xx |||||||||||||| ||geo||
040 _cGE_BSU
041 _ageo
080 _a821.353.1-1 ქ-27
245 _aქართული კლასიკური პოეზიის ანთოლოგია /
_cშემდგ: გ.მ გეგეჭკორი; ე.კვიტაიშვილი; სარედ.კოლეგია: გრიგოლ აბაშიძე, ჯანსუღ ღვინჯილია და სხვ.
264 _aთბილისი :
_bმერანი,
_c1980.
300 _a582 გვ;
_b22 სმ.
653 _aქართული კლასიკური პოეზიის ანთოლოგია
700 _aგეგეჭკორი, გ
_eშემდგენელი
_916123
700 _aკვიტაიშვილი, ე
_eშემდგენელი
_916444
700 _aაბაშიძე, გრიგოლ
_eსარედაქციო კოლეგია და სხვ..
_916445
942 _cBK
_2udc